000 00630nam a2200193Ia 4500
003 GCL
008 140319s9999 xx 000 0 ara d
040 _aGCL /
_cGCL
082 0 4 _a809.3
_bك ف
100 1 _aكارونر، جون
245 1 0 _aفى الرواية الاخلاقية (هدية من الاديب عبدالفتاح الجمل) /
_cكارونر، جون
700 1 _aايشو الياس يوسف
700 1 _aسلمان داود الواسطى
300 _a201 ص
490 _aسلسلة المائة كتاب
_v0
650 0 4 _aالادب
650 0 4 _aالقصة - تاريخ ونقد
942 _2ddc
_cBK
999 _c47522
_d47522